000 00358nam a2200133Ia 4500
008 240624s9999 xx 000 0 und d
041 _aeng
082 _a658 DRU
100 _aDRUCKER PETER F
245 _aPEOPLE AND PERFORMANCE THE BEST OF PETER
260 _c1997
_aNew Delhi
_bAllied publishers
300 _axviii, : 366 : p. : cm. ; 22
365 _cRS
_b30
999 _c4236
_d4236